Statistics for Top 10 U.S. States Where the Rent is Too Dang High

Click here to take the quiz!

General Stats

  • This quiz has been taken 9,990 times
  • The average score is 8 of 10

Answer Stats

$ / month State % Correct
1,274New York
99%
1,520California
98%
1,182Florida
88%
1,316Washington
87%
1,336New Jersey
78%
1,295Massachusetts
76%
1,613Hawaii
73%
1,371Maryland
66%
1,215Virginia
62%
1,289Colorado
40%

Score Distribution

Percentile by Number Answered

Percent of People with Each Score

Your Score History

You have not taken this quiz